000 00495nam a2200169 i 4500
001 36906
003 ES-MaACL
005 20230906155450.0
007 t|
008 030219s1930 fr ||||1| fre d
100 1 _aBrun, Robert.
_932142
245 1 3 _aLe libre illustre en France au XVI siecle /
_cRobert Brun.
260 _aParis :
_b[s.n.,
_c1930] (
_fEvreuse Ch. Herissey)
300 _aXXXII, 332 p. ;
_c24 cm.
650 4 _aLibros ilustrados-
_zFrancia.
_9152314
852 _aES-MaACL
_jA-133
999 _c36906
_d36906